Booker tropical soil manual / (Record no. 5526)
[ view plain ]
| 000 -LEADER | |
|---|---|
| fixed length control field | 00408cam a2200157ua 4500 |
| 003 - CONTROL NUMBER IDENTIFIER | |
| control field | OSt |
| 008 - FIXED-LENGTH DATA ELEMENTS--GENERAL INFORMATION | |
| fixed length control field | 180914b ||||| |||| 00| 0 eng d |
| 020 ## - INTERNATIONAL STANDARD BOOK NUMBER | |
| ISBN | 0-582-46049-2 |
| 082 ## - DEWEY DECIMAL CLASSIFICATION NUMBER | |
| Classification number | 631.47133 |
| Item number | LAN/BO |
| 100 ## - MAIN ENTRY--AUTHOR NAME | |
| Personal name | Landon, J R . |
| 245 00 - TITLE STATEMENT | |
| Title | Booker tropical soil manual / |
| 250 ## - EDITION STATEMENT | |
| Edition statement | 1 / |
| 260 ## - PUBLICATION, DISTRIBUTION, ETC. (IMPRINT) | |
| Place of publication | : |
| Name of publisher | Booker Agricultural International Limited , |
| Year of publication | 1984. |
| 300 ## - PHYSICAL DESCRIPTION | |
| Number of Pages | 450 ; . |
| 942 ## - ADDED ENTRY ELEMENTS (KOHA) | |
| Koha item type | Books |
| Withdrawn status | Lost status | Damaged status | Home library | Current library | Date acquired | Full call number | Accession Number | Koha item type |
|---|---|---|---|---|---|---|---|---|
| KAUAET | KAUAET | 27/03/1987 | 631.47133 LAN/BO | 16231 | Reference | |||
| KAUAET | KAUAET | 07/04/2012 | 631.47133 LAN/BO | 18494 | Books |
